| 000 | 00523nam a22001937a 4500 | ||
|---|---|---|---|
| 003 | OSt | ||
| 005 | 20160527154743.0 | ||
| 008 | 160527b xxu||||| |||| 00| 0 eng d | ||
| 020 | _a9780415773980 | ||
| 040 | _cDDC. | ||
| 082 | _a338.9KAP 2008. | ||
| 100 |
_aKapoor,LLan; _99060 |
||
| 245 | _aThe post colonial Politics of development. | ||
| 260 |
_aLondon,New York. _bRoutledge. _c2008. |
||
| 300 |
_aXvi,183p; _bIll; _c24cm. |
||
| 504 | _aNotes,Bibliography and index. | ||
| 650 |
_aPharmacy. _99061 |
||
| 942 |
_2z _cO_SHELF |
||
| 999 |
_c4204 _d4204 |
||